000 00758nam a2200241 i 4500
001 121933
003 ES-MaACL
005 20251201163629.0
007 t|
008 070214s1965 sp cf |||| |bspa d
080 _a929 Prim y Prats, Juan
080 _a94(460)"18"
100 1 _aPoch Noguer, José.
_992696
245 1 0 _aPrim /
_cJosé Poch Noguer.
250 _a1ª ed. en Colección Z.
260 _aBarcelona :
_bJuventud,
_c1965.
300 _a204 p., [8] p. de lám. retr. ;
_c18 cm.
600 1 4 _aPrim, Juan,
_d1814-1870
_9242561
651 7 _aEspaña-
_xHistoria-
_yS.XIX
_2
_9142005
852 _aES-MaACL
_jC-28908
852 _aES-MaACL
_jL-31679
_z. - Donat. herederos de la bibl. de Mª del Pilar Costa Palacín
999 _c121933
_d121933